Reformy spoločnej poľnohospodárskej politiky EÚ- aplikácia na Slovenskú republiku bakalárska práca

Na minha lista:
Detalhes bibliográficos
Autor principal: Husárová, Kristína
Autor Corporativo: Fakulta medzinárodných vzťahov EU. Katedra medzinárodných ekonomických vzťahov a hospodárskej diplomacie
Outros Autores: Lipková, Beata
Formato: Livro
Idioma:eslovaco
Publicado em: Bratislava 2015
Tags: Adicionar Tag
Sem tags, seja o primeiro a adicionar uma tag!

MARC

LEADER 00000nbm a2200000 4500
001 0202666
005 20161212100311.1
041 0 |a slo 
044 |a SK 
245 1 0 |a Reformy spoločnej poľnohospodárskej politiky EÚ- aplikácia na Slovenskú republiku  |b bakalárska práca  |c Kristína Husárová ; školiteľ: Beata Lipková 
264 1 |a Bratislava  |c 2015 
300 |a 57 s. 
100 1 |a Husárová, Kristína 
700 1 |a Lipková, Beata 
710 2 |a Fakulta medzinárodných vzťahov EU. Katedra medzinárodných ekonomických vzťahov a hospodárskej diplomacie